BIBLIOTECA “JULIO CORTÁZAR”
ESCUELA AGROTÉCNICA “LIBERTADOR GENERAL SAN MARTÍN” - UNR – CASILDA

Logo Escuela Logo UNR

Geografía de la Argentina : (Record no. 283)

MARC details
000 -LEADER
campo de control de longitud fija 00787nam#a22002775ar4500
001 - NÚMERO DE CONTROL
campo de control 283
008 - DATOS DE LONGITUD FIJA--INFORMACIÓN GENERAL
campo de control de longitud fija 060522s2005####ag#a###d|b###|||1#|#spa|d
020 ## - NÚMERO INTERNACIONAL ESTÁNDAR DEL LIBRO
Número Internacional Estándar del Libro 9501309339
080 ## - NÚMERO DE LA CLASIFICACIÓN DECIMAL UNIVERSAL
Número de la Clasificación Decimal Universal 94(82)
084 ## - OTRO NÚMERO DE CLASIFICACIÓN
Número de clasificación S24
005 - FECHA Y HORA DE LA ÚLTIMA TRANSACCIÓN
campo de control 20241107184630.0
003 - IDENTIFICADOR DE NÚMERO DE CONTROL
campo de control AR-ClEAG
100 1# - ENTRADA PRINCIPAL--NOMBRE DE PERSONA
Nombre de persona Sassone, María Susana.
245 10 - MENCIÓN DEL TÍTULO
Título Geografía de la Argentina :
Resto del título Espacios y sociedades /
Mención de responsabilidad, etc. María Susana Sassone, Celia Bertone de Daguerre, Albina Lara.
250 ## - MENCION DE EDICION
Mención de edición 1ª ed.
260 ## - PUBLICACIÓN, DISTRIBUCIÓN, ETC.
Lugar de publicación, distribución, etc. Buenos Aires :
Nombre del editor, distribuidor, etc. Kapelusz,
Fecha de publicación, distribución, etc. 2005.
300 ## - DESCRIPCIÓN FÍSICA
Extensión 340 p. :
Otras características físicas il. ;
Dimensiones 18 cm.
490 0# - MENCIÓN DE SERIE
Mención de serie serie espacios y sociedades
653 ## - TÉRMINO DE INDIZACIÓN--NO CONTROLADO
Término no controlado Paisajes argentinos
653 ## - TÉRMINO DE INDIZACIÓN--NO CONTROLADO
Término no controlado Medio natural
653 ## - TÉRMINO DE INDIZACIÓN--NO CONTROLADO
Término no controlado Andes áridos
653 ## - TÉRMINO DE INDIZACIÓN--NO CONTROLADO
Término no controlado Red urbana
700 1# - ENTRADA AGREGADA--NOMBRE PERSONAL
Nombre de persona Bertone de Daguerre, Celia.
700 1# - ENTRADA AGREGADA--NOMBRE PERSONAL
Nombre de persona Lara, Albina.
942 ## - ELEMENTOS DE ENTRADA SECUNDARIOS (KOHA)
Tipo de ítem Koha Libros
980 ## - EQUIVALENCIA O REFERENCIA-CRUZADA-MENCIÓN DE SERIE--NOMBRE DE PERSONA/TÍTULO [LOCAL, CANADÁ]
Enlace 2
Nombre de persona Evangelina Gallicchio
Enlace entre campo y número de secuencia 2
Información miscelánea Evangelina Gallicchio
Holdings
Estatus retirado Estado de pérdida Fuente del sistema de clasificación o colocación Estado de daño No para préstamo Biblioteca de origen Biblioteca actual Ubicación en estantería Fecha de adquisición Número de inventario Total de préstamos Signatura topográfica completa Código de barras Visto por última vez Precio de reemplazo Tipo de ítem Koha
    Clasificación decimal universal     Julio Cortázar Julio Cortázar   07/11/2024 1856   R07 94(82) S24 1 1 1856 07/11/2024 07/11/2024 Libros

Contacto

Biblioteca Julio Cortázar. Escuela Agrotécnica "Libertador San Martín". Universidad Nacional de Rosario
Dirección: Ov. Lagos 1000 - 2170 Casilda - Santa Fe - Argentina
Tel: (54) (03464) 422226.
Fax: (54) (03464) 427789.
E-Mail: biblio-eac@unr.edu.ar